|
|
|
|
| LEADER |
01024nam a2200253 a 4500 |
| 001 |
00022286 |
| 008 |
100927s1956 bg w 000 0 eng d |
| 040 |
|
|
|a BD-DhAAL
|c BD-DhAAL
|
| 082 |
0 |
0 |
|a 348.5492/046
|2 22
|
| 130 |
0 |
|
|a DLR
|
| 245 |
0 |
4 |
|a The Dacca Law Reports :
|b index of cases of all courts, civil and criminal,
|n volume no. 8
|
| 246 |
1 |
7 |
|a The Dhaka Law Reports.
|
| 260 |
|
|
|a Dacca [Bangladesh] :
|b Dacca Law Reports,
|c 1956
|
| 300 |
|
|
|a vi, 724, 172, 75 p. :
|c 25 cm.
|
| 362 |
0 |
|
|a Vol.VIII,1956
|
| 500 |
|
|
|a "A journal of law reports."
|
| 500 |
|
|
|a Latest issue consulted: Vol.VIII,January to December,1956
|
| 590 |
|
|
|a Published yearly.
|
| 541 |
|
|
|e 00022286
|
| 650 |
|
0 |
|a Law reports, digests, etc.
|z Bangladesh.
|
| 650 |
|
0 |
|a Law reports, digests, etc.
|z India
|z Bengal.
|
| 852 |
4 |
|
|a Ayesha Abed Library
|j General shelf
|
| 999 |
|
|
|c 10650
|d 10650
|
| 952 |
|
|
|0 0
|1 0
|2 ddc
|4 0
|6 348_549204600000000_DAC
|7 0
|8 REF
|9 16017
|a BRACUL
|b BRACUL
|c CIR
|d 2011-04-07
|l 6
|o 348.5492046 DAC
|p 3010022286
|r 2014-02-25
|s 2014-02-25
|t 1
|w 2011-04-07
|y 1HOUR
|